The Nature of Palestinian Covenant and its Future Implication for the Church in the Millennial Kingdom | (Record no. 7964)

MARC details
000 -LEADER
fixed length control field 00576nam a22001697a 4500
003 - CONTROL NUMBER IDENTIFIER
control field GBCCL
005 - DATE AND TIME OF LATEST TRANSACTION
control field 20241126110640.0
008 - FIXED-LENGTH DATA ELEMENTS--GENERAL INFORMATION
fixed length control field 181121b ||||| |||| 00| 0 eng d
040 ## - CATALOGING SOURCE
Transcribing agency GBC
082 ## - DEWEY DECIMAL CLASSIFICATION NUMBER
Classification number ARCH GBC-2006
Item number KIL
100 ## - MAIN ENTRY--PERSONAL NAME
Personal name Kilong, Lalboi
9 (RLIN) 13896
245 ## - TITLE STATEMENT
Title The Nature of Palestinian Covenant and its Future Implication for the Church in the Millennial Kingdom |
Statement of responsibility, etc. Lalboi Kilong
260 ## - PUBLICATION, DISTRIBUTION, ETC.
Place of publication, distribution, etc. New Lamka:
Name of publisher, distributor, etc. Grace Bible College,
Date of publication, distribution, etc. 2006
300 ## - PHYSICAL DESCRIPTION
Extent viii + 53 p.;
Dimensions 21 x 29 cm.
650 ## - SUBJECT ADDED ENTRY--TOPICAL TERM
Topical term or geographic name entry element Palestinian Covenant
Form subdivision Church
General subdivision Millennial Kingdom
9 (RLIN) 13897
942 ## - ADDED ENTRY ELEMENTS (KOHA)
Source of classification or shelving scheme Dewey Decimal Classification
Koha item type Thesis
Holdings
Withdrawn status Lost status Source of classification or shelving scheme Damaged status Not for loan Home library Current Library Shelving location Date acquired Total checkouts Full call number Barcode Date last seen Copy number Price effective from Koha item type
    Dewey Decimal Classification     GRACE BIBLE COLLEGE GRACE BIBLE COLLEGE Archives 2018-11-21   ARCH GBC-2006 KIL 025079 2025-05-01 c.1 2018-11-21 Thesis
© Grace Bible College Library 2025